Trouvez le joueur mystère #4 - Statistiques

Statistiques générales
  • Ce quiz a été pris 477 fois
  • Le résultat moyen est 8 sur 9
Statistiques - réponses
% Correct
Coupe du monde (nombre) : 0
97%
Compétition continentale : 0
97%
Ligue des champions : 0
97%
Poste Ailier
96%
Pays Allemagne
85%
2020- Bayern Munich
84%
2016-2020 Manchester City
75%
Clubs :2014-2016 Schalke 04
71%
Joueur mystère : Leroy Sané
69%
Aucun quiz correspondant
Distribution des résultats
% des personnes avec chaque résultat
Percentile par nombre de réponses
Votre historique - résultats
Vous n’avez pas pris ce quiz